Peace journalism, war and conflict resolution (Registro nro. 182452)

Detalles MARC
000 -ENCABEZADO
Número de control [NR] 01091nam a22002777a 4500
005 - FECHA Y HORA DE LA ÚLTIMA TRANSACCIÓN
control field 20140903174951.0
008 - DE LONGITUD FIJA DE DATOS DE ELEMENTOS - INFORMACIÓN GENERAL
Elementos de longitud fija [NR] 131107s2010 xxu frn 001 0deng
020 ## - NUMERO INTERNACIONAL NORMALIZADO PARA LIBROS [R]
Número Internacional Normalizado del libro [NR] 9781433107252
020 ## - NUMERO INTERNACIONAL NORMALIZADO PARA LIBROS [R]
Número Internacional Normalizado del libro [NR] 9781433107269
040 ## - FUENTE DE CATALOGACION [NR]
Agencia de catalogación original [NR] CO-BoUCM
Quien Cataloga
Quien Clasifica Aldemar Mondragón
041 00 - CODIGO DE IDIOMA [R]
Código de idioma para texto/pista de sonido o título separado [R] Inglés
245 00 - MENCION DE TITULO [NR]
Título [NR] Peace journalism, war and conflict resolution
Mención de responsabilidad, etc. [NR] editado por Richard Lance Keeble, John Tulloch, Florian Zollmann
260 ## - PUBLICACION, DISTRIBUCION, ETC. (PIE DE IMPRENTA) [R]
Lugar de publicación, distribución, etc. [R] New York (Estados Unidos)
Nombre del editor, distribuidor, etc. [R] Peter Lang
Fecha de publicación, distribución, etc. [R] 2010
300 ## - DESCRIPCION FISICA [R]
Extensión [R] xi, 373 páginas
504 ## - NOTA DE BIBLIOGRAFIA, ETC. [R]
Nota de bibliografía, etc. [NR] Incluye referencias bibliográficas e índices
650 #0 - ASIENTO SECUNDARIO DE MATERIA - TERMINO TEMATICO [R]
Término temático o nombre geográfico como elemento de entrada [NR] Paz
Subdivisión general [R] Artículos de prensa
9 (RLIN) 50047
650 #7 - ASIENTO SECUNDARIO DE MATERIA - TERMINO TEMATICO [R]
Término temático o nombre geográfico como elemento de entrada [NR] Conflictos sociales
Subdivisión general [R] Artículos de prensa
9 (RLIN) 50046
650 #7 - ASIENTO SECUNDARIO DE MATERIA - TERMINO TEMATICO [R]
Término temático o nombre geográfico como elemento de entrada [NR] Guerra
Subdivisión general [R] Artículos de prensa
9 (RLIN) 50045
650 #7 - ASIENTO SECUNDARIO DE MATERIA - TERMINO TEMATICO [R]
Término temático o nombre geográfico como elemento de entrada [NR] Periodismo
Subdivisión general [R] Aspectos políticos
9 (RLIN) 50773
690 ## - ASUNTO AGREGADO LOCAL DE ENTRADA - TÉRMINO TEMÁTICO (OCLC, RLIN)
9 (RLIN) 42898
Acceso temático local Periodismo
700 1# - ASIENTO SECUNDARIO - NOMBRE PERSONAL [R]
Nombre personal [NR] Keeble, Richard
Fechas asociadas con el nombre [NR] 1948-
Término de relación [R] editor
9 (RLIN) 50050
700 1# - ASIENTO SECUNDARIO - NOMBRE PERSONAL [R]
Nombre personal [NR] Tulloch, John
Fechas asociadas con el nombre [NR] 1946-
Término de relación [R] editor
9 (RLIN) 50051
700 1# - ASIENTO SECUNDARIO - NOMBRE PERSONAL [R]
Nombre personal [NR] Zollman, Florian
Fechas asociadas con el nombre [NR] 1976-
Término de relación [R] editor
9 (RLIN) 50052
942 ## - ELEMENTOS DE ENTRADA AGREGADOS (KOHA)
Tema principal Comunicación
Tipo de ítem principal el descrito en 300a Libro
Edición 1
Parte restante de la signatura top. P355
Sistema de clasificación DEWEY
Clasificación 070.44930366
Existencias
Fecha de último préstamo Total préstamos Total Renewals Signatura topográfica Código de barras Última vez visto Ejemplar Costo de reposición Price effective from Tipo de ítem Perdido Sistema de clasificación Dañado No prestable Tipo de ítem específico Suprimido Ubicación habitual Ubicación actual Localización Fecha de creación Proveedor Forma de adquisición Costo
19/07/2018 6 12 070.44930366 P355 100137617 05/12/2025 Ej.1 56400.00 30/10/2013 Libro   DEWEY     Libro   Claustro Claustro 2do piso 30/10/2013 15 Compra 56400.00